| 000 | 00884nam a22003137a 4500 | ||
|---|---|---|---|
| 001 | BR8302899 | ||
| 003 | BR-BrBNA | ||
| 005 | 20230928091655.0 | ||
| 007 | ta | ||
| 008 | 230509b bl.||||| |||| 00| 0 por d | ||
| 040 |
_aBR-BrBNA _bpor _cBiblioteca Nacional de Agricultura |
||
| 041 | _a(Por) | ||
| 072 |
_aL00 _b7100 |
||
| 090 | _ 7100 BR8302899 | ||
| 110 | 1 |
_aSecretaria da Agricultura e Abastecimento do Estado de Sao Paulo, Sao Paulo (Brasil); _98277 |
|
| 110 | 1 | _aCoordenadoria de Assistencia Tecnica Integral, Campinas, SP (Brasil) | |
| 245 | 1 |
_aTelecurso rural. Apicultura _bv. 10 |
|
| 260 | 3 |
_aSao Paulo, SP (Brasil): _c1983. |
|
| 300 | _a42 p. | ||
| 500 | _a25 illus. | ||
| 650 | _aABELHA | ||
| 650 | _aCRIACAO | ||
| 650 | _aPOLINIZACAO | ||
| 650 | _aMEL | ||
| 650 | _aCOLMEIA | ||
| 650 | _aAPIARIO | ||
| 909 |
_a202309 _bLucia _c55 _dLucia Elande |
||
| 942 | _cBK | ||
| 999 |
_c34956 _d34956 |
||